| 000 | 00000nam##2200000za#4500 |
| 001 | 9.696590 |
| 003 | CaOODSP |
| 005 | 20210624235113 |
| 007 | cr ||||||||||| |
| 008 | 150407|1996||||xxc|||||o f|0| 0 eng|d |
| 040 | |aCaOODSP|beng |
| 043 | |an-cn--- |
| 086 | 1 |aH68-39/1996E-PDF |
| 110 | 1 |aCanada.|bNational Council of Welfare. |
| 245 | 10|aImproving the Canada Pension Plan |h[electronic resource] |
| 260 | |aOttawa - Ontario : |bNational Council of Welfare |cAutumn 1996. |
| 300 | |a45p.|bgraphs, references, tables |
| 500 | |aContents: Foreword.--Myths and realities.--Financing the Canada Pension Plan.--Improving the Canada and Quebec Pension Plans.--Pitfalls in the process of CPP reforms.--Conclusion and summary of recommendations.--Footnotes. |
| 500 | |aThe catalogue number (H68-39/1996E) and ISBN (0-662-24984-4) for the print edition have been incorrectly copied in this electronic publication. |
| 590 | |a12-36-Supp|b2012-08-22 |
| 690 | 07|aPensions|2gcpds |
| 775 | 08|tAméliorer le Régime de pensions du Canada |w(CaOODSP)9.640700 |
| 776 | 0#|tImproving the Canada Pension Plan : |w(CaOODSP)9.646311 |
| 856 | 40|ahttp://publications.gc.ca|qPDF|s1.93 MB|uhttps://publications.gc.ca/collections/collection_2012/cnb-ncw/H68-39-1996-eng.pdf |